الصيدلية المحمدية : (Record no. 1682)

MARC details
000 -LEADER
fixed length control field 00594nam a22001937a 4500
005 - DATE AND TIME OF LATEST TRANSACTION
control field 20251108164025.0
008 - FIXED-LENGTH DATA ELEMENTS--GENERAL INFORMATION
fixed length control field 250721s1991 xx 000 0 ara d
082 14 - DEWEY DECIMAL CLASSIFICATION NUMBER
Classification number 210.461/محم
100 1# - MAIN ENTRY--PERSONAL NAME
Personal name محمد، أحمد رجب
245 10 - TITLE STATEMENT
Title الصيدلية المحمدية :
Remainder of title محمد النبي الطبيب (ص) /
264 1# - PRODUCTION, PUBLICATION, DISTRIBUTION, MANUFACTURE, AND COPYRIGHT NOTICE
Place of production, publication, distribution, manufacture القاهرة :
Name of producer, publisher, distributor, manufacturer دار الفضيلة،
Date of production, publication, distribution, manufacture, or copyright notice 1991.
300 ## - PHYSICAL DESCRIPTION
Extent 142ص.
650 17 - SUBJECT ADDED ENTRY--TOPICAL TERM
Topical term or geographic name as entry element الإسلام
650 17 - SUBJECT ADDED ENTRY--TOPICAL TERM
Topical term or geographic name as entry element الطب
650 17 - SUBJECT ADDED ENTRY--TOPICAL TERM
Topical term or geographic name as entry element الحديث الشريف
700 1# - ADDED ENTRY--PERSONAL NAME
Personal name البدري، أبو مصعب
Relator term تحقيق
942 ## - ADDED ENTRY ELEMENTS (KOHA)
Source of classification or shelving scheme Dewey Decimal Classification
Koha item type Books
Holdings
حالة السحب حالة الفقدان مصدر التصنيف حالة التلف غير قابل للإعارة المكتبة الرئيسية المكتبة الحالية موقع الرف تاريخ التزويد الرقم المتسلسل Total Checkouts رقم الإستدعاء تاريخ آخر ظهور تاريخ الفاتورة نوع المادة (كوها) الباركود
    Dewey Decimal Classification     مكتبة أبو علندا العامة مكتبة أبو علندا العامة الإعارة 07/11/2015 [1033]]   210.461/محم 28/07/2025 07/11/2015 Books PLD00362451
    Dewey Decimal Classification     مكتبة الأميرة ايمان العامة مكتبة الأميرة ايمان العامة الإعارة 16/09/2013 [10849]   210.461/محم 28/07/2025 16/09/2013 Books PLD00277339
    Dewey Decimal Classification Unchecked   مكتبة الجويدة مكتبة الجويدة الإعارة 06/07/2004 3093   210.461/محم 28/07/2025 06/07/2004 Books  
Implemented & Customized by: BBB with SCIT (Smart Chains for Information Technology)

Powered by Koha